Loading...
| Fine Arts - Classical Music | 0 | 6 | 0 | 3 | 60 | 63 | 119.17 | 2 | 5 | 0.00 | 0.00 |
| Science - Physics | 0 | 5 | 1 | 1 | 45 | 55 | 86.40 | 3 | 4 | 0.00 | 0.00 |
| History - Other | 0 | 3 | 0 | 1 | 30 | 47 | 79.33 | 1 | 2 | 0.00 | 0.00 |
| Fine Arts - Other | 0 | 4 | 2 | 0 | 30 | 75 | 90.25 | 1 | 3 | 0.00 | 0.00 |
| Fine Arts - Painting and Sculpture | 0 | 3 | 0 | 1 | 30 | 41 | 102.33 | 1 | 3 | 0.00 | 0.00 |
| Social Science | 0 | 3 | 1 | 2 | 25 | 87 | 110.33 | 1 | 3 | 0.00 | 0.00 |
| Literature - British | 0 | 3 | 1 | 0 | 25 | 50 | 65.33 | 2 | 2 | 0.00 | 0.00 |
| History - American | 0 | 2 | 0 | 0 | 20 | 73 | 84.50 | 1 | 2 | 0.00 | 0.00 |
| Religion | 0 | 3 | 2 | 0 | 20 | 53 | 67.00 | 2 | 3 | 0.00 | 0.00 |
| Literature - European | 0 | 2 | 0 | 0 | 20 | 103 | 107.50 | 1 | 2 | 0.00 | 0.00 |
| Literature - World | 0 | 2 | 1 | 0 | 15 | 103 | 121.00 | 1 | 2 | 0.00 | 0.00 |
| History - European | 0 | 2 | 1 | 0 | 15 | 78 | 82.00 | 1 | 2 | 0.00 | 0.00 |
| Philosophy | 0 | 2 | 1 | 1 | 15 | 74 | 87.50 | 0 | 1 | 0.00 | 0.00 |
| Pop Culture | 0 | 1 | 0 | 0 | 10 | 69 | 69.00 | 0 | 1 | 0.00 | 0.00 |
| Mythology | 0 | 1 | 0 | 0 | 10 | 78 | 78.00 | 1 | 1 | 0.00 | 0.00 |
| Other Academic | 0 | 1 | 0 | 0 | 10 | 99 | 99.00 | 0 | 1 | 0.00 | 0.00 |
| Science - Chemistry | 0 | 1 | 0 | 0 | 10 | 101 | 101.00 | 0 | 1 | 0.00 | 0.00 |
| Science - Other | 0 | 1 | 0 | 1 | 10 | 90 | 90.00 | 0 | 1 | 0.00 | 0.00 |
| History - World | 0 | 0 | 1 | 0 | -5 | 0.00 | 0 | 0 | 0.00 | 0.00 |